000 00519nam a22001817a 4500
005 20251108164309.0
008 250721s1990 xx 000 0 ara d
082 1 4 _a355.033095694/سيا
100 1 _aعقيلي، بدر
_etran.
245 1 0 _aسياسة إسرائيل الأمنية /
264 1 _aعمان :
_bدار الجليل،
_c1990.
300 _a407ص
650 1 7 _aالأمن القومي
650 1 7 _aإسرائيل
650 1 7 _aالسياسة العسكرية
942 _2ddc
_cBK
999 _c8644
_d8644